|
|
|
|
| LEADER |
00000nam a2200000Ii 4500 |
| 001 |
DIGOCEANO0043 |
| 003 |
NyNyDIG |
| 006 |
m o d |
| 007 |
cr ||||||||||| |
| 008 |
240404s2017 mx o 000 0 spa d |
| 035 |
|
|
|a (OCoLC)1430189139
|
| 040 |
|
|
|a DGITA
|b eng
|e rda
|e pn
|c DGITA
|
| 020 |
|
|
|a 9786075276052
|q eBook
|
| 020 |
|
|
|z 9786075275994
|
| 041 |
1 |
|
|a spa
|h eng
|
| 050 |
1 |
4 |
|a HF5415 ebook
|
| 082 |
0 |
4 |
|a 381.1
|2 23
|
| 100 |
1 |
|
|a Holiday, Ryan,
|e author.
|
| 240 |
1 |
0 |
|a Perennial seller.
|l Spanish
|s (Mercado)
|
| 245 |
1 |
3 |
|a Un best seller para toda la vida :
|b cómo crear y vender obras duraderas /
|c Ryan Holiday ; traducción de Enrique Mercado.
|
| 250 |
|
|
|a Primera edición en libro electrónico.
|
| 264 |
|
1 |
|a Ciudad de México :
|b Océano,
|c [2017]
|
| 300 |
|
|
|a 1 online resource.
|
| 336 |
|
|
|a text
|b txt
|2 rdacontent
|
| 337 |
|
|
|a computer
|b c
|2 rdamedia
|
| 338 |
|
|
|a online resource
|b cr
|2 rdacarrier
|
| 347 |
|
|
|a text file
|2 rdaft
|
| 347 |
|
|
|b EPUB
|
| 588 |
0 |
|
|a Online resource; title from ePub title page (Digitalia, viewed April 4, 2024)
|
| 650 |
|
0 |
|a Marketing.
|
| 650 |
|
0 |
|a Selling.
|
| 650 |
|
0 |
|a Branding (Marketing)
|
| 650 |
|
0 |
|a Creative ability.
|
| 700 |
1 |
|
|a Mercado, Enrique,
|e translator.
|
| 700 |
1 |
|
|i Translation of:
|a Holiday, Ryan.
|t Perennial seller.
|
| 791 |
2 |
|
|a Digitalia (Firm),
|e distributor.
|
| 793 |
0 |
|
|g Digitalia eBook Collection:
|a Editorial Océano
|
| 776 |
0 |
8 |
|i Print version:
|a Holiday, Ryan.
|s Perennial seller. Spanish (Mercado).
|t Best seller para toda la vida.
|b Primera edición.
|d Ciudad de México : Océano, [2017]
|z 9786075275994
|
| 856 |
4 |
0 |
|3 Digitalia Hispánica
|u https://www.digitaliapublishing.com/a/97086/
|
| 910 |
|
|
|a Premium collection: 2024
|